000 00367nam a2200133Ia 4500
008 210210b1972 xxu||||| |||| 00| 0 eng d
082 _a158.7 SMIP
100 _aSMITH (Henry Clay) and Wakeley (john H).
245 _aPsychology of industrial behavior.
260 _aDelhi
_bMcGraw Hill
_c1972
300 _a397
690 _aIndustrial Psychology
906 _aSG01411
999 _c112877
_d112877